LEADER 01482cam a22003134a 4500 001 000000119474 003 CaOOAMICUS 005 20100122142657.0 008 100122s2009 it feba b 000 0 ita r 020 $a978-88-420-8308-5 040 $aPUL$bita$dReb 041 1 $aita$heng 100 1 $aGoodman, Martin,$d1953-$0(OLS)http://pul/name/7510 240 10$aRome and Jerusalem : the clash of ancient civilizations$lItaliano.$0(OLS)http://pul/title/150309 245 10$aRoma e Gerusalemme :$blo scontro delle civiltà antiche /$cMartin Goodman ; traduzione di Michele Sampaolo. 260 $aRoma :$bLaterza,$c2009. 300 $aix, 736 p., [8] c. di tav. :$bill., piante, c. geogr. ;$c21 cm. 490 1 $aRobinson.$aLetture 504 $aInclude riferimenti bibliografici p. 667-700. 651 4$aRoma$xPolitica e governo.$0(OLS)http://pul/subject/3648 651 4$aGerusalemme$xAntichità.$0(OLS)http://pul/subject/23254 700 1 $aSampaolo, Michele.$0(OLS)http://pul/name/37616 830 2$aI Robinson.$pLetture.$0(OLS)http://pul/title/65836 850 $aPUL 852 $aPUL$W1$xSL Cons. Gen., Altre Classi 3$y75$m938 GOOMA 1$j137067$qDDC 21$B136137$CPULBib$Z2$F136137 $H112085 $82 941 1 $a9 996 $6020$a978-88-420-8308-5$9(OLS)http://pul/number/143085 996 $6245$aRoma e Gerusalemme :$blo scontro delle civiltà antiche$9(OLS)http://pul/title/150308 996 $6260$aRoma :$bLaterza$9(OLS)http://pul/publisher/47864 LEADER 01166nam a2200277 a 4500 001 000000175863 003 CaOOAMICUS 005 20230413144717.0 008 230413s2006 it u000 u ita r 020 $a978-88-7878-134-4* 032 $aLibriCat 040 $aPUL$bita 082 04$a232 100 1 $aMartinez, Salvatore.$0(OLS)http://pul/name/69017 245 10$aCristoterapia della gioia :$bper riscoprire il potere della preghiera / $cSalvatore Martinez. 260 $aRoma :$bRinnovamento dello Spirito Santo,$c©2006. 300 $a232 p. ;$c20 cm 504 $aInclude riferimenti bibliografici. 850 $aPUL 852 $aPUL$W1$xSL Religione 3$y85$m232 MARSA 1$j200024$b2a ristampa 2009$qDDC 21$B204808$CPULBib$Z2$F204808 $H136216 $82 941 1 $a9 996 $6020$a978-88-7878-134-4*$9(OLS)http://pul/number/169113 996 $6082$a232$9(OLS)http://pul/classification/381 996 $6245$aCristoterapia della gioia :$bper riscoprire il potere della preghiera / $9(OLS)http://pul/title/217336 996 $6260$aRoma :$bRinnovamento dello Spirito Santo$9(OLS)http://pul/publisher/70382